00535nam a2200157Ia 4500008004000000082001600040100002300056245005100079260003900130300001200169650002300181690002100204906001100225999001900236952012200255210210b1998 xxu||||| |||| 00| 0 eng d a530.02 BHAV aBHAT (M Narayana). aVinyas publishers physics made easy for C E T. aMangalorebVinyas Publishersc1998 axxi,393 aVinyas CET physics aPhysics Entrance a053149 c101529d101529 011040708PhysicsaALbALcPhysicsd2021-02-17g108.00l0o530.02 BHAVp053149r2021-02-17 00:00:00w2021-02-17yBK